Európsky finančný trh - vývoj a trendy jeho regulácie a dohľadu habilitačná prednáška

Enregistré dans:
Détails bibliographiques
Auteur principal: Zimková, Emília
Collectivité auteur: Ekonomická univerzita v Bratislave. Národohospodárska fakulta
Format: Livre
Langue:slovaque
Publié: Bratislava 2007
Collection:Habilitačné a inauguračné prednášky
Sujets:
Tags: Ajouter un tag
Pas de tags, Soyez le premier à ajouter un tag!

MARC

LEADER 00000nam$a2200000$$$4500
001 0070549
005 20240314092949.1
020 |a 978-80-969535-3-0 
041 0 |a slo 
044 |a SK 
245 1 0 |a Európsky finančný trh - vývoj a trendy jeho regulácie a dohľadu  |b habilitačná prednáška  |c Emília Zimková 
264 1 |a Bratislava  |c 2007 
300 |a 67 s. 
490 1 |a Habilitačné a inauguračné prednášky 
830 0 |a Habilitačné a inauguračné prednášky 
610 2 0 |a trh finančný 
610 2 0 |a Európa 
610 2 0 |a regulácia trhu 
100 1 |a Zimková, Emília 
710 2 |a Ekonomická univerzita v Bratislave. Národohospodárska fakulta